000 00493nam a2200157Ia 4500
008 220216s9999 xx 000 0 und d
100 _aVarkey Mariam Lisa
245 0 _aPrice risk management and access to finance for rubber growers: The case of price stabilisation fund in Kerala
260 _bIndian Journal of Agricultural Economics
_c2013
300 _a67-88
650 _aKerala
650 _aPrice stabilisation
650 _aRubber growers
700 _aKumar Pramod
942 _cJS
999 _c65687
_d65687